MESTSKÁ KNIŽNICA GIRALTOVCE  - online katalóg 

Aj tak(to) sme stavali sústavu vodných diel Gabčíkovo - Nagymaros (Record no. 15275)

000 -NÁVESTIE
fixed length control field 00611nam a2200181 a 4500
008 - ÚDAJE S PEVNOU DĹŽKOU – VŠEOBECNÉ INFORMÁCIE
fixed length control field 960412s1996 m yxo rd 0 slo c
020 ## - MEDZINÁRODNÉ ŠTANDARDNÉ ČÍSLO KNIHY (ISBN)
Medzinárodné štandardné číslo knihy (ISBN) 8096756346
Údaje o dostupnosti
Qualifying information (10
040 ## - ZDROJ KATALOGIZÁCIE
Pôvodná katalogizujúca agentúra SNK
Jazyk katalogizácie slo
Prepisujúca agentúra SNK
Konvencie popisu AACR2
041 1# - KÓD JAZYKA
Kód jazyka textu/zvukovej stopy alebo samostatných nápisov slo
044 ## - KÓD KRAJINY VYDAVATEĽA/PRODUCENTA
Kód krajiny MARC xo
Kód krajiny ISO SK
080 ## - ČÍSLO MEDZINÁRODNÉHO DESATINNÉHO TRIEDENIA (MDT)
Číslo Medzinárodného desatinného triedenia (MDT) 627.8(282.243.73)(082)
245 10 - NÁZOV
Názov Aj tak(to) sme stavali sústavu vodných diel Gabčíkovo - Nagymaros
Zvyšok názvu zborník spomienok
260 ## - VYDAVATEĽSKÉ ÚDAJE, DISTRIBÚCIA ATĎ.
Miesto publikovania, distribúcie atď. [Bratislava]
Názov vydavateľa, distibútora atď. AFA
Dátum publikovania, distribúcie atď. 1996
300 ## - FYZICKÝ POPIS
Rozsah 202 s.
Ďalšie fyzické detaily Fotogr.
Rozmery 21 cm
504 ## -
-- Biogr. údaje
651 07 - PRIDANÝ VSTUP – PREDMET – GEOGRAFICKÝ NÁZOV
Geografický názov Gabčíkovo-Nagymaros (Slovensko a Maďarsko : vodné dielo)
Všeobecný pododdiel výstavba
-- spomienky
-- zborníky
Zdroj hesla alebo termínu SNK
958 ## - Formálny deskriptor
Formálny deskriptor APP
Holdings
Stav stiahnutia (Blokovanie) (Withrawn status) Stav straty Stav poškodenia (Damaged status) Nie pre výpožičky (Not for loan) Spôsob nadobudnutia (Collection code) Trvalé umiestnenie Aktuálne umiestnenie Dátum nadobudnutia Náklady, bežná kúpna cena Inventárne číslo (prírastkové číslo) Full call number Dátum posledného výskytu Cena s účinnosťou od Typ jednotky Koha
        Kúpa Mestská knižnica Giraltovce Mestská knižnica Giraltovce 2019-11-29 10.00 14310 I 0350 2019-11-29 2019-11-29 Odborná literatúra pre dospelých

Powered by Koha